Запад и Восток: столкновение цивилизаций

Dades bibliogràfiques
Autor principal: Черновецкий В. М. Вадим Михайлович
Sumari:Конфликт Запада и Востока так или иначе присутствует в настоящее время чуть ли не во всех выпусках новостей, постоянно обсуждается на различных международных форумах. Есть мнение, в этом конфликте как в капле воды, отражаются общемировые процессы. И этим он особенно любопытен. Между тем, в мире он вызывает массу противоречий и диаметрально противоположных бурных эмоциональных суждений, скандалов, истерик. А потому интересно было бы в нем как следует разобраться, строго следуя фактам.
Idioma:rus
Publicat: Ростов-на-Дону, Феникс, 2007
Col·lecció:Страны и народы
Matèries:
Format: Llibre
KOHA link:https://koha.lib.tpu.ru/cgi-bin/koha/opac-detail.pl?biblionumber=124927

MARC

LEADER 00000nam0a2200000 4500
001 124927
005 20231031131147.0
010 |a 9785222108741 
035 |a (RuTPU)RU\TPU\book\135200 
090 |a 124927 
100 |a 20071109d2007 km y0rusy50 ca 
101 0 |a rus 
102 |a RU 
105 |a a z 000zy 
200 1 |a Запад и Восток: столкновение цивилизаций  |f В. М. Черновецкий 
210 |a Ростов-на-Дону  |c Феникс  |d 2007 
215 |a 331 с.  |c ил. 
225 1 |a Страны и народы 
330 |a Конфликт Запада и Востока так или иначе присутствует в настоящее время чуть ли не во всех выпусках новостей, постоянно обсуждается на различных международных форумах. Есть мнение, в этом конфликте как в капле воды, отражаются общемировые процессы. И этим он особенно любопытен. Между тем, в мире он вызывает массу противоречий и диаметрально противоположных бурных эмоциональных суждений, скандалов, истерик. А потому интересно было бы в нем как следует разобраться, строго следуя фактам. 
610 1 |a политика 
610 1 |a внешняя политика 
610 1 |a международные отношения 
610 1 |a Восток 
610 1 |a Запад 
610 1 |a международные конфликты 
610 1 |a 20 век 
610 1 |a 21 век 
610 1 |a Арабо-израильский конфликт 
610 1 |a ближневосточный кризис 
610 1 |a межнациональные отношения 
610 1 |a межрелигиозные отношения 
610 1 |a США 
610 1 |a Афганистан 
610 1 |a Ирак 
610 1 |a Иран 
610 1 |a Судан 
610 1 |a Чеченская война 
610 1 |a Россия 
610 1 |a терроризм 
686 |a Ф4(0)38  |v LBC/SL-A  |2 rubbk 
700 1 |a Черновецкий  |b В. М.  |g Вадим Михайлович 
801 1 |a RU  |b 63413507  |c 20071109  |g PSBO 
801 2 |a RU  |b 63413507  |c 20191030  |g PSBO 
900 |a Восток - Россия: сравнительный анализ 
942 |c BK 
959 |a 78/20071106  |d 1  |e 156,53  |f ЧЗГЛ:1